| 000 | 00498nam a2200169 a 4500 | ||
|---|---|---|---|
| 001 | 000033412 | ||
| 005 | 20240305094429.0 | ||
| 008 | 110826s1978 dr 000 0 spa d | ||
| 040 |
_aDO-SdBNP _bspa _cBNPHU |
||
| 100 | 1 |
_aCabral, Manuel del, _d1907-1999 _923556 |
|
| 245 | 1 | 3 | _aLa isla ofendida 1965 /. |
| 250 | _a4a ed. | ||
| 260 |
_aSanto Domingo : _bEditora Cosmos, _c1978. |
||
| 300 |
_a126 p. ; _c21 cm. |
||
| 500 | _aIncluye datos biográficos del autor en la contracubierta | ||
| 049 | _aBNPD | ||
| 999 |
_c32903 _d32903 |
||